Alle deutschen Bundesminister (1949 - 2024) - Statistiken

Allgemein
  • Dieses Quiz wurde 84 mal gespielt
  • Das Durchschnittsergebnis liegt bei 81 aus 217
Antwortstatistiken
Amtsjahre, - dauer Amt Partei Name % Korrekt
1994 - 1998 (4 Jahre) Umwelt CSU Angela Merkel
84%
1991 - 1994 (3 Jahre) Familie CDU Angela Merkel
84%
seit 2021 Finanzen FDP Christian Lindner
84%
2018 - 2021 (3 Jahre) Finanzen SPD Olaf Scholz
84%
2007 - 2009 (2 Jahre) Arbeit CDU Olaf Scholz
84%
seit 2021 Wirtschaft Grüne Robert Habeck
82%
2013 - 2019 (6 Jahre) Verteidigung CDU Ursula von der Leyen
82%
2009 - 2013 (4 Jahre) Arbeit CDU Ursula von der Leyen
82%
2005 - 2009 (4 Jahre) Familie CDU Ursula von der Leyen
82%
2014 - 2018 (4 Jahre) Landwirtschaft CSU Christian Schmidt
81%
1969 - 1972 (3 Jahre) Verteidigung SPD Helmut Schmidt
81%
1972 - 1974 (2 Jahre) Finanzen SPD Helmut Schmidt
81%
1972 Wirtschaft SPD Helmut Schmidt
81%
seit 2021 Gesundheit SPD Karl Lauterbach
81%
1988 - 1989 (1 Jahr) Verteidigung CDU Rupert Scholz
81%
2001 - 2009 (8 Jahre) Gesundheit SPD Ulla Schmidt
80%
2002 - 2005 (3 Jahre) Familie SPD Renate Schmidt
78%
1996 - 1998 (2 Jahre) Justiz FDP Edzard Schmidt - Jortzig
77%
2009 - 2011 (2 Jahre) Verteidigung CSU Karl - Theodor zu Guttenberg
76%
2009 Wirtschaft CSU Karl - Theodor zu Guttenberg
76%
1998 - 2002 (4 Jahre) Familie SPD Christine Bergmann
73%
seit 2021 Landwirtschaft Grüne Cem Özdemir
72%
2018 - 2021 (3 Jahre) Gesundheit CDU Jens Spahn
72%
1966 - 1969 (3 Jahre) Verteidigung CDU Gerhard Schröder
70%
seit 2018 Arbeit SPD Hubertus Heil
70%
2018 - 2021 (3 Jahre) Verkehr CSU Andreas Scheuer
69%
1998 - 2001 (3 Jahre) Gesundheit Grüne Andrea Fischer
68%
1956 - 1963 (7 Jahre) Verteidigung CSU Franz Josef Strauß
68%
1966 - 1969 (3 Jahre) Finanzen CSU Franz Josef Strauß
68%
2009 - 2011 (2 Jahre) Gesundheit FDP Philipp Rösler
68%
2011 - 2013 (2 Jahre) Wirtschaft FDP Philipp Rösler
68%
2011 - 2013 (2 Jahre) Gesundheit FDP Daniel Bahr
66%
2009 - 2013 (4 Jahre) Familie CDU Kristina Schröder
66%
2009 - 2017 (8 Jahre) Finanzen CDU Wolfgang Schäuble
66%
2013 - 2018 (5 Jahre) Verkehr CSU Alexander Dobrindt
65%
2013 - 2021 Zusammenarbeit CSU Gerd Müller
65%
1998 - 2002 (4 Jahre) Wirtschaft - Werner Müller
65%
1992 - 1998 (6 Jahre) Gesundheit CSU Horst Seehofer
64%
2005 - 2008 (3 Jahre) Landwirtschaft CSU Horst Seehofer
64%
2019 - 2021 (3 Jahre) Verteidigung CDU Annegret Kramp - Karrenbauer
62%
seit 2023 Verteidigung SPD Boris Pistorius
62%
1974 - 1976 Zusammenarbeit SPD Egon Bahr
62%
1968 - 1974 Zusammenarbeit SPD Erhard Eppler
62%
1982 Arbeit SPD Heinz Westpfahl
62%
seit 2021 Verkehr FDP Volker Wissing
62%
2005 - 2009 (4 Jahre) Finanzen SPD Peer Steinbrück
59%
2005 - 2009 (4 Jahre) Umwelt SPD Sigmar Gabriel
57%
2013 - 2017 (4 Jahre) Wirtschaft SPD Sigmar Gabriel
57%
seit 2021 Justiz FDP Marco Buschmann
55%
2012 - 2013 (1 Jahr) Umwelt CDU Peter Altmaier
55%
2018 - 2021 (3 Jahre) Wirtschaft CDU Peter Altmaier
55%
2013 - 2018 (5 Jahre) Arbeit SPD Andrea Nahles
54%
2018 - 2021 (3 Jahre) Umwelt SPD Svenja Schulze
54%
seit 2021 Zusammenarbeit SPD Svenja Schulze
54%
2021 - 2022 (1 Jahr) Familie Grüne Anne Spiegel
53%
1949 - 1963 (14 Jahre) Wirtschaft CDU Ludwig Erhard
53%
2009 - 2013 (4 Jahre) Verkehr CSU Peter Ramsauer
53%
2021 - 2023 (2 Jahre) Verteidigung SPD Christine Lambrecht
51%
2021 (7 Monate) Familie SPD Christine Lambrecht
51%
2019 - 2021 (2 Jahre) Justiz SPD Christine Lambrecht
51%
1998 - 1999 (1 Jahr) Finanzen SPD Oskar Lafontaine
51%
2011 - 2013 (2 Jahre) Verteidigung CDU Thomas de Maiziére
51%
1998 - 2005 (7 Jahre) Umwelt Grüne Jürgen Trittin
50%
1998 - 2002 (4 Jahre) Verteidigung SPD Rudolf Scharping
50%
seit 2022 Familie Grüne Elisabeth Paus / Lisa Paus
49%
1989 - 1998 (9 Jahre) Finanzen CSU Theo Waigel
49%
2005 - 2007 (2 Jahre) Arbeit SPD Franz Müntefering
47%
1998 - 1999 (1 Jahr) Verkehr SPD Franz Müntefering
47%
1974 - 1981 (7 Jahre) Justiz SPD Hans - Jochen Vogel
47%
seit 2021 Bildung FDP Bettina Stark - Watzinger
46%
1999 - 2005 (6 Jahre) Finanzen SPD Hans Eichel
46%
2013 - 2014 (< 1 Jahr) Landwirtschaft CSU Hans - Peter Friedrich
46%
2002 - 2005 (3 Jahre) Verteidigung SPD Peter Struck
46%
2001 - 2005 (4 Jahre) Landwirtschaft Grüne Renate Künast
46%
seit 2021 Umwelt Grüne Steffi Lemke
46%
1989 - 1991 (2 Jahre) Verkehr CSU Friedrich Zimmermann
45%
2013 - 2018 (5 Jahre) Justiz SPD Heiko Maas
45%
2005 - 2009 (4 Jahre) Verteidigung CDU Franz Josef Jung
43%
2009 Arbeit CDU Franz Josef Jung
43%
2018 - 2021 (3 Jahre) Landwirtschaft CDU Julia Klöckner
42%
1994 (9 Monate) Bildung FDP Karl - Hans Laermann
42%
1971 - 1972 (1 Jahr) Finanzen SPD Karl Schiller
42%
1966 - 1972 (6 Jahre) Wirtschaft SPD Karl Schiller
42%
1989 - 1992 (3 Jahre) Verteidigung CDU Gerhard Stoltenberg
41%
1982 - 1998 (16 Jahre) Arbeit CDU Norbert Blüm
39%
1961 - 1966 Zusammenarbeit FDP Walter Scheel
39%
1987 - 1990 (3 Jahre) Bildung FDP Jürgen Möllemann
38%
1991 - 1993 (2 Jahre) Wirtschaft FDP Jürgen Möllemann
38%
1998 - 2001 (3 Jahre) Landwirtschaft SPD Karl - Heinz Funke
38%
1965 Justiz CDU Karl Weber
38%
1991 - 1992 (1 Jahr) Justiz FDP Klaus Kinkel
38%
2005 - 2009 (4 Jahre) Verkehr SPD Wolfgang Tiefensee
38%
1978 - 1982 (4 Jahre) Verteidigung SPD Hans Apel
36%
1974 - 1978 (4 Jahre) Finanzen SPD Hans Apel
36%
2009 - 2011 (2 Jahre) Wirtschaft FDP Rainer Brüderle
35%
1998 - 2002 (4 Jahre) Arbeit SPD Walter Riester
35%
1987 - 1994 (7 Jahre) Umwelt CDU Klaus Töpfer
34%
2013 - 2017 (4 Jahre) Familie SPD Manuela Schwesig
34%
1959 - 1965 (6 Jahre) Landwirtschaft CDU Werner Schwarz
34%
2002 - 2005 (3 Jahre) Arbeit SPD Wolfgang Clement
34%
2002 - 2005 (3 Jahre) Wirtschaft SPD Wolfgang Clement
34%
1982 - 1989 (7 Jahre) Finanzen CDU Gerhard Stoltenberg
32%
1978 - 1982 (4 Jahre) Finanzen SPD Hans Matthöfer
32%
1982 - 1988 (6 Jahre) Verteidigung CDU Manfred Wörner
32%
1992 - 1996 (4 Jahre) Justiz FDP Sabine Leutheusser - Schnarrenberger
32%
2009 - 2013 (4 Jahre) Justiz FDP Sabine Leutheusser - Schnarrenberger
32%
1986 - 1987 (1 Jahr) Umwelt CDU Walter Wallmann
32%
1982 - 1991 (9 Jahre) Justiz FDP Hans Engelhard
31%
1966 - 1968 Zusammenarbeit SPD Hans - Jürgen Wischnewski
31%
1969 - 1974 (5 Jahre) Justiz SPD Gerhard Jahn
30%
1965 - 1969 (4 Jahre) Arbeit CDU Hans Katzer
30%
2018 - 2021 (3 Jahre) Bildung CDU Anna Karliczek
28%
1966 - 1969 (3 Jahre) Justiz SPD Gustav Heinemann
28%
1949 - 1966 (17 Jahre) Verkehr CDU Hans - Christoph Seebohm
28%
1956 - 1957 (1 Jahr) Justiz DP Hans - Joachim von Merkatz
28%
1987 -1989 Zusammenarbeit CSU Hans Klein
28%
1969 - 1972 (3 Jahre) Bildung - Hans Leussink
28%
1977 - 1982 (5 Jahre) Wirtschaft FDP Otto Graf Lambsdorff
28%
1982 - 1984 (2 Jahre) Wirtschaft FDP Otto Graf Lambsdorff
28%
1985 - 1988 (3 Jahre) Familie CDU Rita Süssmuth
28%
1985 - 1988 (3 Jahre) Gesundheit CDU Rita Süssmuth
28%
1992 - 1998 (6 Jahre) Verteidigung CDU Volker Rühe
28%
2018 - 2021 (3 Jahre) Familie SPD Franziska Giffey
27%
1972 - 1977 (5 Jahre) Wirtschaft FDP Hans Friderichs
27%
1969 - 1982 (13 Jahre) Landwirtschaft FDP Hans Friderichs
27%
2009 - 2012 (3 Jahre) Umwelt CDU Norbert Röttgen
27%
2005 - 2013 (8 Jahre) Bildung CDU Annette Schavan
26%
1972 - 1978 (6 Jahre) Verteidigung SPD Georg Leber
26%
1966 - 1972 (6 Jahre) Verkehr SPD Georg Leber
26%
1988 - 1991 (3 Jahre) Wirtschaft FDP Helmut Hausmann
26%
1949 - 1953 (4 Jahre) Justiz FDP Thomas Dehler
26%
2009 - 2013 Zusammenarbeit FDP Dirk Niebel
24%
1998 - 2009 Zusammenarbeit SPD Heidemarie Wieczorek - Zeul
24%
2017 - 2018 (1 Jahr) Familie SPD Katarina Barley
24%
2018 - 2019 (1 Jahr) Justiz SPD Katarina Barley
24%
1969 - 1976 (7 Jahre) Arbeit SPD Walter Arendt
24%
2002 - 2009 (7 Jahre) Justiz SPD Brigitte Zypries
23%
2017 - 2018 (1 Jahr) Wirtschaft SPD Brigitte Zypries
23%
1953 - 1962 (9 Jahre) Familie CDU Franz - Josef Wuermeling
23%
2013 - 2018 (5 Jahre) Gesundheit CDU Hermann Gröhe
23%
1969 Justiz SPD Horst Ehmke
23%
1982 - 1983 (1 Jahr) Landwirtschaft FDP Josef Ertl
23%
1978 - 1981 (3 Jahre) Bildung SPD Jürgen Schmude
23%
1981 - 1982 (1 Jahr) Justiz SPD Jürgen Schmude
23%
2002 - 2005 (3 Jahre) Verkehr SPD Manfred Stolpe
23%
1984 - 1988 (4 Jahre) Wirtschaft FDP Martin Bangemann
23%
2005 - 2009 (4 Jahre) Wirtschaft CSU Michael Glos
23%
1976 - 1982 (6 Jahre) Familie SPD Antje Huber
22%
1976 - 1982 (6 Jahre) Gesundheit SPD Antje Huber
22%
1994 - 1998 (4 Jahre) Bildung CDU Jürgen Rüttgers
22%
1982 - 1987 (5 Jahre) Verkehr CSU Werner Dollinger
22%
1991 - 1993 (2 Jahre) Verkehr CDU Günther Krause
20%
1982 - 1985 (3 Jahre) Familie CDU Heiner Geißler
20%
1982 - 1985 (3 Jahre) Gesundheit CDU Heiner Geißler
20%
2008 - 2013 (5 Jahre) Landwirtschaft CSU Ilse Aigner
20%
1972 - 1974 (2 Jahre) Bildung SPD Klaus von Dohnanyi
20%
1961 - 1962 (1 Jahr) Justiz FDP Wolfgang Stammberger
20%
2013 - 2018 (5 Jahre) Umwelt SPD Barbara Hendricks
19%
1993 - 1998 (5 Jahre) Wirtschaft FDP Günther Rexrodt
19%
1982 (1 Monat) Finanzen SPD Manfred Lahnstein
19%
1982 ( 1 Monat) Wirtschaft SPD Manfred Lahnstein
19%
1988 - 1991 (3 Jahre) Familie CDU Ursula Lehr
19%
1988 - 1991 (3 Jahre) Gesundheit CDU Ursula Lehr
19%
1966 (1 Monat) Zusammenarbeit CSU Werner Dollinger
19%
1969 - 1971 (2 Jahre) Finanzen SPD Alexander Möller
18%
1991 - 1998 Zusammenarbeit CSU Carl - Dieter Spranger
18%
1953 - 1959 (6 Jahre) Landwirtschaft CDU Heinrich Lübke
18%
1974 - 1978 (4 Jahre) Bildung SPD Helmut Rohde
18%
1976 - 1982 (6 Jahre) Arbeit SPD Herbert Ehrenberg
18%
2013 - 2018 (5 Jahre) Bildung CDU Johanna Wanka
18%
1963 - 1966 (3 Jahre) Verteidigung CDU Kai - Uwe von Hassel
18%
2000 - 2002 (2 Jahre) Verkehr SPD Kurt Bodewig
18%
1957 - 1961 (4 Jahre) Finanzen CDU Franz Etzel
16%
1987 - 1989 (2 Jahre) Verkehr CSU Jürgen Warnke
16%
1982 - 1987 Zusammenarbeit CSU Jürgen Warnke
16%
1989 - 1991 Zusammenarbeit CSU Jürgen Warnke
16%
1966 (1 Monat) Finanzen CDU Kurt Schmücker
16%
1963 - 1966 (3 Jahre) Wirtschaft CDU Kurt Schmücker
16%
1999 - 2000 (1 Jahr) Verkehr SPD Reinhard Klimmt
16%
1981 - 1982 (1 Jahr) Bildung SPD Björn Engholm
15%
1982 (1 Monat) Landwirtschaft SPD Björn Engholm
15%
1991 - 1992 (1 Jahr) Gesundheit CSU Gerda Hasselfeldt
15%
1993 - 1998 (5 Jahre) Verkehr CDU Matthias Wissmann
15%
1978 - 1982 Zusammenarbeit SPD Rainer Offergeld
15%
1955 - 1956 (1 Jahr) Verteidigung CDU Theodor Blank
15%
1957 - 1965 (8 Jahre) Arbeit CDU Theodor Blank
15%
1961 - 1962 (1 Jahr) Finanzen FDP Heinz Starke
14%
1998 - 2002 (4 Jahre) Justiz SPD Herta Däubler - Gmelin
14%
1974 - 1980 (6 Jahre) Verkehr SPD Kurt Gscheidle
14%
1980 - 1982 (2 Jahre) Verkehr SPD Volker Hauff
14%
1949 - 1953 (4 Jahre) Landwirtschaft CSU Wilhelm Niklas
14%
1982 (6 Monate) Familie SPD Anke Fuchs
12%
1982 (6 Monate) Gesundheit SPD Anke Fuchs
12%
1949 - 1957 (8 Jahre) Arbeit CDU Anton Storch
12%
1994 - 1998 (4 Jahre) Familie CDU Claudia Nolte
12%
1957 - 1961 (4 Jahre) Justiz CSU Fritz Schäffer
12%
1993 - 1998 (5 Jahre) Landwirtschaft CDU Jochen Borchert
12%
1976 - 1978 Zusammenarbeit SPD Marie Schlei
12%
1990 - 1994 (4 Jahre) Bildung FDP Rainer Ortleb
12%
1961 - 1966 (5 Jahre) Gesundheit CDU Elisabeth Schwarzhaupt
11%
1965 - 1969 (4 Jahre) Landwirtschaft CSU Hermann Höcherl
11%
1983 - 1993 (10 Jahre) Landwirtschaft CSU Ignaz Kiechle
11%
1965 - 1966 (1 Jahr) Justiz CSU Richard Jaeger
11%
1998 - 2005 (7 Jahre) Bildung SPD Edelgard Bulmahn
9%
1991 - 1994 (3 Jahre) Familie CDU Hannelore Rönsch
9%
1972 - 1976 (4 Jahre) Familie SPD Katharina Focke
9%
1972 - 1976 (4 Jahre) Gesundheit SPD Katharina Focke
9%
1982 - 1987 (5 Jahre) Bildung CDU Dorothee Wilms
8%
1953 - 1956 (3 Jahre) Justiz FDP Fritz Neumayer
8%
1962 - 1966 (4 Jahre) Finanzen FDP Rolf Dahlgrün
8%
1949 - 1957 (8 Jahre) Finanzen CDU Fritz Schäffer
7%
1966 - 1972 (6 Jahre) Gesundheit SPD Käte Strobel
5%
1969 - 1972 (3 Jahre) Familie SPD Käthe Strobel
5%
1972 - 1974 (2 Jahre) Verkehr SPD Lauritz Lauritzen
5%
1968 - 1969 (1 Jahr) Familie CDU Aenne Brauksiepe
4%
1962 - 1968 (6 Jahre) Familie CDU Bruno Heck
4%
1962 - 1965 (3 Jahre) Justiz FDP / DVP Ewald Bucher
4%
Keine übereinstimmenden Quizze gefunden
Verteilung der Resultate
Anzahl Personen mit jedem Resultat
Perzentil nach korrekt beantworteten Fragen
Ihre Resultats-Entwicklung
Sie haben dieses Quiz noch nicht gespielt